| 000 | 00516nam a2200193Ia 4500 | ||
|---|---|---|---|
| 003 | OSt | ||
| 005 | 20250314165230.0 | ||
| 008 | 231217s9999 xx 000 0 und d | ||
| 020 | _a9788131503256 | ||
| 040 | _c0 | ||
| 041 | _aEnglish | ||
| 082 | _a001.6424UNI FOR;67 | ||
| 100 | _aForouzan, Bechrouz a. Gilberg, Richard F. | ||
| 245 | 0 | _aUnix and shell programming : a textbook | |
| 260 |
_c2003 _bThomson Learning _aAustralia |
||
| 300 | _axix, 875 | ||
| 500 | _aContent page available. | ||
| 942 |
_cAA _2ddc |
||
| 999 |
_c196069 _d196069 |
||